| 000 | 00328 a2200133 4500 | ||
|---|---|---|---|
| 001 | 87473 | ||
| 082 | _aN-3569 | ||
| 090 |
_c41035 _d41035 |
||
| 100 | _aSohail, Dr | ||
| 245 |
_aFundamentals of algorithms [cd] _pCAE10 CDS set _bCS502 |
||
| 260 |
_aLahore _b2005 _cVirtual University |
||
| 500 | _aCD/DVD | ||
| 520 | _avideo library | ||
| 942 |
_aCAE NUST _kN-3569 |
||
| 999 |
_c322546 _d322546 |
||